000 00470nam a2200193 a 4500
001 1770804466383
003 YourLibrary
005 20260211154105.0
008 260211s2000##################000#0#eng##
020 _a9780748612680
082 0 4 _a335.4
_bHAR
100 1 _aHarvey, David,
_eauthor.
245 1 0 _aSpaces of Hope :
260 _c2000.
300 _a293 pages
650 0 _aBaltimore (Md.).
942 _cENGLISH
040 _aYourLibrary
_beng
_cYourLibrary
999 _c611743
_d611743